[Event "4th Chennai Open"]
[Site "Chennai IND"]
[Date "2012.01.04"]
[Round "1"]
[White "Aleksandrov, Aleksej"]
[Black "Sarbajit, Adhikari"]
[Result "1-0"]
[WhiteTitle "GM"]
[WhiteElo "2612"]
[BlackElo "1955"]
[WhiteFideId "13500139"]
[BlackFideId "5025362"]
[EventDate "2012.01.04"]

1. d4 d5 2. c4 e6 3. Nc3 Nf6 4. cxd5 exd5 5. Bg5 Nbd7 6. e3 c6 7. Bd3 Be7 8. Qc2
O-O 9. Nge2 Re8 10. O-O Nf8 11. f3 Be6 12. Rad1 Rc8 13. Kh1 a6 14. Bh4 Ng6 15.
Bf2 Bd6 16. Bg1 c5 17. Qb1 b5 18. a3 cxd4 19. Nxd4 Nf8 20. e4 dxe4 21. Nxe4 Nxe4
22. Bxe4 Rc7 23. Nc6 Rxc6 24. Bxc6 Re7 25. Bc5 1-0

[Event "4th Chennai Open"]
[Site "Chennai IND"]
[Date "2012.01.04"]
[Round "1"]
[White "Vigneshwaran, S"]
[Black "Kravtsiv, Martyn"]
[Result "0-1"]
[BlackTitle "GM"]
[WhiteElo "1947"]
[BlackElo "2602"]
[WhiteFideId "5035252"]
[BlackFideId "14113147"]
[EventDate "2012.01.04"]

1. d4 Nf6 2. Nf3 e6 3. e3 c5 4. b3 b6 5. Bd3 Bb7 6. O-O Be7 7. Bb2 O-O 8. Nbd2
d6 9. c4 Nbd7 10. Rc1 Re8 11. Re1 Bf8 12. e4 cxd4 13. Nxd4 g6 14. Qe2 a6 15.
N4f3 Bg7 16. g3 Rc8 17. Bd4 Qc7 18. b4 Qb8 19. Nb3 Qa8 20. a4 a5 21. bxa5 bxa5
22. Bc3 d5 23. cxd5 exd5 24. e5 d4 25. Nbxd4 Nd5 26. Bb2 Rxc1 27. Rxc1 Nxe5 28.
Nxe5 Rxe5 29. Qd2 Nb4 30. Bc4 Re8 31. Re1 Qd8 32. Rxe8+ Qxe8 33. Qe2 Qd7 34. Qe3
Nc2 35. Nxc2 Bxb2 36. Bb5 Qd5 37. f3 Qd1+ 0-1

[Event "4th Chennai Open"]
[Site "Chennai IND"]
[Date "2012.01.04"]
[Round "1"]
[White "Sanjit, Saha"]
[Black "Oleksienko, Mikhailo"]
[Result "0-1"]
[BlackTitle "GM"]
[WhiteElo "1941"]
[BlackElo "2563"]
[WhiteFideId "5013739"]
[BlackFideId "4152417"]
[EventDate "2012.01.04"]

1. d4 Nf6 2. c4 e6 3. Nf3 c5 4. d5 b5 5. e3 b4 6. Bd3 d6 7. e4 a5 8. a4 e5 9. b3
g6 10. Nbd2 Bg7 11. Ra2 O-O 12. O-O Nh5 13. Re1 Ra7 14. Nf1 h6 15. Ng3 Nf4 16.
h3 Nxd3 17. Qxd3 f5 18. Nh2 f4 19. Ngf1 Nd7 20. Qf3 Nf6 21. Ng4 Nh7 22. Qd3 Qh4
23. Nfh2 h5 24. Nf3 Qd8 25. Ngh2 g5 26. Nd2 g4 27. hxg4 hxg4 28. Ndf1 Qh4 29.
Bd2 Ng5 30. Qe2 Bf6 31. g3 Qh3 32. gxf4 Nf3+ 33. Kh1 Rh7 0-1

[Event "4th Chennai Open"]
[Site "Chennai IND"]
[Date "2012.01.04"]
[Round "1"]
[White "Danielsen, Henrik"]
[Black "Alahakoon, Isuru"]
[Result "1-0"]
[WhiteTitle "GM"]
[WhiteElo "2536"]
[BlackElo "1937"]
[WhiteFideId "1400185"]
[BlackFideId "9900993"]
[EventDate "2012.01.04"]

1. c4 Nf6 2. Nc3 c5 3. g3 e6 4. Nf3 b6 5. Bg2 Bb7 6. O-O g6 7. d4 cxd4 8. Qxd4
Nc6 9. Qf4 Bg7 10. Rd1 O-O 11. Qh4 Ne8 12. Bg5 Qc8 13. Rac1 f6 14. Bh6 Ne7 15.
Bxg7 Kxg7 16. Qd4 d6 17. Bh3 Qd7 18. Qe3 Nf5 19. Qd3 Rd8 20. e4 Ne7 21. Re1 Qc8
22. Nd4 Nc7 23. Nd5 Nc6 24. Nxc7 Nxd4 25. Qxd4 Qxc7 26. Bxe6 Qc5 27. Qd2 h5 28.
Bd5 Bc8 29. h4 Rfe8 30. b4 Qc7 31. Qd4 Qd7 32. c5 dxc5 33. bxc5 bxc5 34. Rxc5
Bb7 35. Qc3 Rc8 36. Rxc8 Qxc8 37. Qxc8 Bxc8 38. Rc1 a6 39. Rc7+ Kh6 40. f4 Be6
41. Kf2 Bxd5 42. exd5 Rd8 43. Rc5 Kg7 44. Ke3 Rb8 45. Rc7+ Kf8 46. Rc6 Kf7 47.
Rxa6 Rb2 48. Ra7+ Kf8 49. Kd4 Rg2 50. d6 Ke8 51. Kd5 Rxg3 52. Ke6 Re3+ 53. Kxf6
Re4 54. Re7+ 1-0

[Event "4th Chennai Open"]
[Site "Chennai IND"]
[Date "2012.01.04"]
[Round "1"]
[White "Kotepalli, Sai Nirupama"]
[Black "Sethuraman, S.P."]
[Result "0-1"]
[WhiteTitle "WFM"]
[BlackTitle "GM"]
[WhiteElo "1934"]
[BlackElo "2529"]
[WhiteFideId "5039444"]
[BlackFideId "5021596"]
[EventDate "2012.01.04"]

1. e4 c5 2. Nf3 e6 3. d3 Nc6 4. g3 d5 5. Nbd2 Bd6 6. Bg2 Nge7 7. O-O O-O 8. Nh4
b6 9. f4 dxe4 10. dxe4 Ba6 11. Re1 Bc7 12. e5 Qd4+ 13. Kh1 Rad8 14. Qf3 Qa4 15.
Qh5 Nd4 16. Be4 g6 17. Qg5 Nef5 18. c3 Ne2 19. Nhf3 h5 20. Kg2 Nxc1 21. Bxf5
exf5 22. Rexc1 Qc6 23. Kf2 Bb7 24. Rd1 Rxd2+ 25. Nxd2 Qg2+ 26. Ke3 Rd8 27. Qxd8+
Bxd8 28. Nf1 Qf3+ 29. Kd2 Be7 30. Kc2 c4 31. b3 b5 32. b4 Be4+ 33. Kb2 Bxb4 34.
cxb4 c3+ 35. Kc1 Qe2 36. Nd2 cxd2+ 37. Kb2 Qd3 0-1

[Event "4th Chennai Open"]
[Site "Chennai IND"]
[Date "2012.01.04"]
[Round "1"]
[White "Rahman, Ziaur"]
[Black "De Silva, Osheen"]
[Result "1-0"]
[WhiteTitle "GM"]
[WhiteElo "2523"]
[BlackElo "1934"]
[WhiteFideId "10200037"]
[BlackFideId "9902252"]
[EventDate "2012.01.04"]

1. d4 d5 2. Nf3 Nf6 3. c4 e6 4. g3 c6 5. Nbd2 a6 6. Bg2 Be7 7. O-O O-O 8. Qc2
Nbd7 9. Rd1 b6 10. e4 Bb7 11. b3 Rc8 12. Bb2 Qc7 13. e5 Ne8 14. Rac1 Qb8 15.
cxd5 cxd5 16. Qd3 Nc7 17. h4 Nb5 18. Ng5 Bxg5 19. hxg5 Rxc1 20. Rxc1 Rc8 21. Rb1
Qc7 22. Bf1 Qd8 23. Qe3 Qe7 24. a4 Na7 25. Ra1 Nc6 26. Rc1 Ndb8 27. f4 g6 28.
Bd3 a5 29. Bb5 Nb4 30. Rxc8+ Bxc8 31. Qc3 Qb7 32. Ba3 N8c6 33. Nf3 Bd7 34. Nh2
Na2 35. Qd2 Ncb4 36. Bf1 Qc7 37. Ng4 Nc2 38. Nf6+ Kg7 39. Qh2 1-0

[Event "4th Chennai Open"]
[Site "Chennai IND"]
[Date "2012.01.04"]
[Round "1"]
[White "Venkatesh, M.R."]
[Black "Sai, Prahlad K"]
[Result "1-0"]
[WhiteTitle "IM"]
[WhiteElo "2499"]
[BlackElo "1919"]
[WhiteFideId "5005779"]
[BlackFideId "5032520"]
[EventDate "2012.01.04"]

1. e4 e5 2. Nf3 Nc6 3. Bb5 a6 4. Ba4 Nf6 5. O-O Be7 6. Bxc6 dxc6 7. d3 Bg4 8.
Nbd2 Bd6 9. Nc4 c5 10. h3 Bxf3 11. Qxf3 h6 12. Qe2 b5 13. Ne3 g6 14. g3 Bf8 15.
Ng2 Qd7 16. Kh2 Bg7 17. f4 exf4 18. Nxf4 O-O 19. Qg2 Rae8 20. Be3 Re5 21. g4
Rfe8 22. Rad1 g5 23. Ne2 Qe6 24. Ng3 Qxa2 25. b3 Nd5 26. Bxc5 Nf4 27. Qf2 Rxc5
28. Qxc5 Be5 29. Rf2 Qb2 30. d4 Bd6 31. Qc6 Rd8 32. e5 Bf8 33. Nf5 Ne6 34. Rdf1
Rxd4 35. Ne7+ 1-0

[Event "4th Chennai Open"]
[Site "Chennai IND"]
[Date "2012.01.04"]
[Round "1"]
[White "Yu, Ruiyuan"]
[Black "Deep, Kapoor"]
[Result "1-0"]
[WhiteElo "2491"]
[BlackElo "1908"]
[WhiteFideId "8603090"]
[BlackFideId "5078733"]
[EventDate "2012.01.04"]

1. e4 c5 2. Nf3 Nc6 3. d4 cxd4 4. Nxd4 g6 5. c4 Bg7 6. Be3 Nf6 7. Nc3 O-O 8. Be2
d6 9. O-O Bd7 10. Rc1 Nxd4 11. Bxd4 Bc6 12. f3 a5 13. Nd5 Nd7 14. Kh1 Bxd4 15.
Qxd4 Bxd5 16. exd5 Qb6 17. Qd2 Qb4 18. Rc3 Rac8 19. Qc1 Nc5 20. Re1 a4 21. Bf1
Rc7 22. Re2 e5 23. dxe6 Nxe6 24. Qd2 Rxc4 25. Rxe6 Rd4 26. Re4 Rxe4 27. fxe4
Qxe4 28. Rc4 Qb1 29. Rc1 Qf5 30. Qxd6 Rc8 31. Rxc8+ Qxc8 32. Qd1 Qc6 33. h3 Qf6
34. Qe2 Qd4 35. Qc2 Qf4 36. Bb5 h5 37. Bxa4 h4 38. Bb5 Qb4 39. Qe2 Qc5 40. Bc4
Qc7 41. b4 Qf4 42. a4 1-0

[Event "4th Chennai Open"]
[Site "Chennai IND"]
[Date "2012.01.04"]
[Round "1"]
[White "Arjun, K."]
[Black "Dzhumaev, Marat"]
[Result "0-1"]
[BlackTitle "GM"]
[WhiteElo "1907"]
[BlackElo "2481"]
[WhiteFideId "5048842"]
[BlackFideId "14200236"]
[EventDate "2012.01.04"]

1. d4 Nf6 2. c4 g6 3. Nc3 Bg7 4. e4 d6 5. f3 c5 6. dxc5 dxc5 7. Qxd8+ Kxd8 8.
Be3 Nfd7 9. Nge2 Nc6 10. O-O-O b6 11. f4 Bb7 12. g3 Na5 13. b3 e6 14. Bg2 Ke7
15. Rhg1 Rad8 16. Kc2 Nf6 17. h3 Rxd1 18. Rxd1 Rc8 19. Rd2 Bc6 20. g4 Nd7 21.
Ng3 a6 22. g5 b5 23. f5 Be5 24. cxb5 axb5 25. f6+ Ke8 26. Nge2 b4 27. Nd1 c4 0-1

[Event "4th Chennai Open"]
[Site "Chennai IND"]
[Date "2012.01.04"]
[Round "1"]
[White "Ma, Qun"]
[Black "Rohan, Ahuja"]
[Result "1-0"]
[WhiteElo "2475"]
[BlackElo "1907"]
[WhiteFideId "8603154"]
[BlackFideId "5090598"]
[EventDate "2012.01.04"]

1. e4 d6 2. d4 Nf6 3. Nc3 g6 4. Bg5 h6 5. Be3 c6 6. h3 Bg7 7. Qd2 b5 8. Bd3 Nbd7
9. Nf3 Nb6 10. O-O Bb7 11. Rfe1 h5 12. e5 dxe5 13. dxe5 Nfd5 14. e6 f5 15. Nh4
Rg8 16. Nxd5 Qxd5 17. Nxg6 Bxb2 18. Nf4 Qd6 19. Rad1 O-O-O 20. Qe2 Nd5 21. Nxd5
Qxd5 22. f3 Bd4 23. Kh1 Qc5 24. Bxd4 Rxd4 25. Qe5 Rd5 26. Qf4 Qf2 27. Re2 Qg3
28. Qxg3 Rxg3 29. Rde1 Kc7 30. Re5 Kd6 31. Rxd5+ cxd5 32. Bxf5 Bc8 33. h4 Rg8
34. g4 Rh8 35. g5 a5 36. f4 Rf8 37. Re5 b4 38. Kg2 a4 39. Kg3 Ba6 40. Bh7 Bc8
41. g6 Bxe6 42. g7 Rc8 43. Rxe6+ Kxe6 44. g8=Q+ Rxg8+ 45. Bxg8+ Kd6 46. Bf7 d4
47. Kf3 d3 48. Ke3 dxc2 49. Kd2 e5 50. fxe5+ Kxe5 51. Bxh5 1-0

[Event "4th Chennai Open"]
[Site "Chennai IND"]
[Date "2012.01.04"]
[Round "1"]
[White "Neelotpal, Das"]
[Black "Hema, Priya N"]
[Result "1-0"]
[WhiteTitle "GM"]
[WhiteElo "2471"]
[BlackElo "1889"]
[WhiteFideId "5003512"]
[BlackFideId "5059178"]
[EventDate "2012.01.04"]

1. d4 d5 2. Nf3 Nf6 3. c4 c6 4. e3 Bf5 5. Nc3 e6 6. Nh4 Bg6 7. Bd2 Be7 8. Be2
Nbd7 9. Nxg6 hxg6 10. Qc2 O-O 11. O-O Rc8 12. Rfd1 Qc7 13. Rac1 Rfd8 14. a3 dxc4
15. Bxc4 Nb6 16. Bf1 e5 17. Ne2 c5 18. dxc5 Bxc5 19. Bb4 Rxd1 20. Qxd1 Qe7 21.
Bxc5 Rxc5 22. Rxc5 Qxc5 23. Qd8+ Kh7 24. Qb8 Nc4 25. Qxb7 Qb6 26. Qxf7 Nxb2 27.
Ng3 Nd1 28. Bd3 Ng4 29. Nh5 Kh6 30. Qxg7+ Kxh5 31. Qh7+ Kg5 32. h4+ Kf6 33.
Qxg6+ Ke7 34. Qg7+ Kd6 35. Qxg4 Nb2 36. Be2 Qa5 37. h5 Qe1+ 38. Kh2 a5 39. Qf3
Qc3 40. Qf6+ Kd7 41. h6 1-0

[Event "4th Chennai Open"]
[Site "Chennai IND"]
[Date "2012.01.04"]
[Round "1"]
[White "Ram, Aravind L N"]
[Black "Barua, Dibyendu"]
[Result "0-1"]
[BlackTitle "GM"]
[WhiteElo "1889"]
[BlackElo "2460"]
[WhiteFideId "25033760"]
[BlackFideId "5000025"]
[EventDate "2012.01.04"]

1. e4 e6 2. d4 d5 3. Be3 dxe4 4. Nd2 Nf6 5. f3 Nd5 6. Qe2 c5 7. c3 Nxe3 8. Qxe3
cxd4 9. cxd4 Nc6 10. Bb5 Qb6 11. Bxc6+ bxc6 12. Qxe4 Bb7 13. O-O-O c5 14. Qd3
cxd4 15. Nb3 e5 16. Re1 Be7 17. Rxe5 Qc7+ 18. Nc5 O-O 19. Qf5 g6 20. Rxe7 Qxe7
21. Qc2 Rac8 0-1

[Event "4th Chennai Open"]
[Site "Chennai IND"]
[Date "2012.01.04"]
[Round "1"]
[White "Shetye, Siddhali"]
[Black "Vaibhav, Suri"]
[Result "1/2-1/2"]
[BlackTitle "IM"]
[WhiteElo "1875"]
[BlackElo "2448"]
[WhiteFideId "5038294"]
[BlackFideId "5045185"]
[EventDate "2012.01.04"]

1. d4 d5 2. c4 e6 3. Nf3 Nf6 4. g3 dxc4 5. Bg2 Nc6 6. O-O a6 7. a4 Rb8 8. e3 b5
9. Qe2 Be7 10. Rd1 O-O 11. Ne5 Nxe5 12. dxe5 Nd7 13. Nc3 Bb4 14. Ne4 Qe7 15. f4
Nc5 16. Nxc5 Qxc5 17. Bd2 Bxd2 18. Qxd2 Bb7 19. axb5 axb5 20. Qd4 Qxd4 21. Rxd4
Ra8 22. Rxa8 Bxa8 23. Rd7 Bxg2 24. Kxg2 Rc8 1/2-1/2

[Event "4th Chennai Open"]
[Site "Chennai IND"]
[Date "2012.01.04"]
[Round "2"]
[White "Sahu, Sekhar Chandra"]
[Black "Aleksandrov, Aleksej"]
[Result "0-1"]
[WhiteTitle "IM"]
[BlackTitle "GM"]
[WhiteElo "2198"]
[BlackElo "2612"]
[WhiteFideId "5000157"]
[BlackFideId "13500139"]
[EventDate "2012.01.04"]

1. e4 e5 2. Nf3 Nc6 3. Bb5 a6 4. Ba4 Nf6 5. O-O Be7 6. Bxc6 dxc6 7. Qe1 c5 8. d3
Nd7 9. a4 O-O 10. Nbd2 Re8 11. Nc4 Bd6 12. Bg5 f6 13. Be3 Nb8 14. Nfd2 Nc6 15.
a5 Be6 16. f3 Bf8 17. Kh1 b5 18. axb6 cxb6 19. Bg1 a5 20. Ne3 a4 21. Nb1 b5 22.
Nc3 Nd4 23. Qd1 Bf7 24. Ned5 Rb8 25. h3 f5 26. f4 exf4 27. Nxf4 b4 28. Nce2 Nxe2
29. Nxe2 fxe4 30. Rxa4 b3 31. d4 bxc2 32. Qd2 Qd7 33. Qa5 Rxb2 34. dxc5 Rb1 35.
Rd4 Qxd4 36. Nxd4 Rxf1 37. Nxc2 e3 38. c6 Rc1 0-1

[Event "4th Chennai Open"]
[Site "Chennai IND"]
[Date "2012.01.04"]
[Round "2"]
[White "Kravtsiv, Martyn"]
[Black "Mithil, Ajgaonkar"]
[Result "1-0"]
[WhiteTitle "GM"]
[WhiteElo "2602"]
[BlackElo "2182"]
[WhiteFideId "14113147"]
[BlackFideId "5017343"]
[EventDate "2012.01.04"]

1. e4 c6 2. d4 d5 3. e5 c5 4. dxc5 Nc6 5. Bb5 e6 6. Be3 Ne7 7. c3 Bd7 8. Bxc6
Bxc6 9. Ne2 Nf5 10. Bd4 a5 11. a4 Nxd4 12. Qxd4 Qe7 13. b4 axb4 14. cxb4 b6 15.
O-O bxc5 16. bxc5 Ra5 17. Qb2 Rxc5 18. Nd2 Qb7 19. Rfb1 Qxb2 20. Rxb2 Kd7 21. a5
Be7 22. a6 Ra8 23. Nd4 f6 24. f4 Rc3 25. N2b3 Ra7 26. h3 Rc4 27. Kh2 Bd8 28. f5
fxe5 29. Nxe6 Bf6 30. Nbc5+ Kd6 31. Nb7+ Kd7 32. Rb6 e4 33. Rab1 Be5+ 34. Kg1
Bc3 35. Kf1 d4 36. Nbc5+ Kd6 37. Nxe4+ Kd5 38. Nf2 Ra4 39. Nf4+ Kc5 40. Ne6+ Kd5
41. Nd3 Ba5 42. Rb8 Rxa6 43. Nec5 Ra7 44. Nxa4 Bxa4 45. Rc1 Bc3 46. Rd8+ Ke4 47.
Nc5+ Kxf5 48. Rd5+ Kg6 49. Ne4 Rc7 50. g4 Rf7+ 51. Ke2 Re7 52. Kd3 Bb2 53. Rf1
h6 54. Rf2 Bc3 55. Rd6+ Kh7 56. Nxc3 dxc3 57. Kxc3 Re3+ 58. Rd3 Rxd3+ 59. Kxd3
Bd7 60. Rf7 Bb5+ 61. Ke3 Kg6 62. Rb7 Bf1 63. h4 Bg2 64. Rb6+ Kh7 65. Kf4 Bd5 66.
Kf5 Bc4 67. Rb4 Bd3+ 68. Ke6 Kg6 69. Ke7 Be2 70. Kf8 Bf3 71. Ra4 Bd1 72. Ra6+
Kh7 73. Ra7 Kh8 74. Rxg7 Bb3 75. g5 hxg5 76. hxg5 Bc2 77. g6 1-0

[Event "4th Chennai Open"]
[Site "Chennai IND"]
[Date "2012.01.04"]
[Round "2"]
[White "Oleksienko, Mikhailo"]
[Black "Ramaswamy, Aarthie"]
[Result "1-0"]
[WhiteTitle "GM"]
[BlackTitle "WGM"]
[WhiteElo "2563"]
[BlackElo "2179"]
[WhiteFideId "4152417"]
[BlackFideId "5004373"]
[EventDate "2012.01.04"]

1. e4 c5 2. Nf3 Nc6 3. d4 cxd4 4. Nxd4 Nf6 5. Nc3 d6 6. f3 e5 7. Nb3 a5 8. Bb5
Be7 9. Be3 O-O 10. Qd2 Na7 11. Bd3 Nc6 12. a3 Be6 13. Rd1 h6 14. Qf2 Nd7 15. O-O
a4 16. Nd2 Bg5 17. Nc4 Bxe3 18. Qxe3 Nc5 19. Nb5 Nxd3 20. Qxd3 Bxc4 21. Qxc4
Qb6+ 22. Kh1 Ra5 23. Nxd6 Qxb2 24. Nxf7 Kh7 25. Rd7 Qb5 26. Qxb5 Rxb5 27. Nd6
Rc5 28. Nf5 Rg8 29. Rxb7 Rxc2 30. h4 Nd4 31. Rd1 Nxf5 32. exf5 Rc4 33. h5 e4 34.
f4 e3 35. g3 e2 36. Re1 Rf8 37. Rxe2 Rxf5 38. Ree7 Rxh5+ 39. Kg2 Kg6 40. Rxg7+
Kf6 41. Rbf7+ Ke6 42. Rc7 Rhc5 43. Rxc5 Rxc5 44. Rg6+ Kf5 45. Rxh6 Rc3 46. Rh5+
Kf6 47. Ra5 Rxa3 48. Kh3 Ra1 49. Kg4 a3 50. Ra6+ Kf7 51. Kf5 a2 52. Ra7+ Kf8 53.
g4 Ke8 54. g5 Kf8 55. Kf6 Ke8 56. f5 1-0

[Event "4th Chennai Open"]
[Site "Chennai IND"]
[Date "2012.01.04"]
[Round "2"]
[White "Bai, Jinshi"]
[Black "Danielsen, Henrik"]
[Result "1/2-1/2"]
[BlackTitle "GM"]
[WhiteElo "2180"]
[BlackElo "2536"]
[WhiteFideId "8602280"]
[BlackFideId "1400185"]
[EventDate "2012.01.04"]

1. d4 Nf6 2. c4 e6 3. Nc3 Bb4 4. Qc2 O-O 5. a3 Bxc3+ 6. Qxc3 b6 7. Bg5 Bb7 8.
Nf3 d6 9. g3 Nbd7 10. Bg2 h6 11. Bxf6 Nxf6 12. O-O Qe7 13. Rfd1 a5 14. b4 Be4
15. Nd2 Bxg2 16. Kxg2 e5 17. dxe5 dxe5 18. c5 axb4 19. axb4 Rfd8 20. Nf3 Rxa1
21. Rxd8+ Qxd8 22. Qxa1 e4 23. Ne5 e3 24. Qa2 Qe7 25. f4 bxc5 26. bxc5 g5 27.
Qb3 Nd7 28. Nxd7 Qxd7 29. Qxe3 Qd5+ 30. Kg1 Kf8 31. fxg5 hxg5 32. g4 f6 33. h3
Kf7 34. Kf2 Qc4 35. Kg3 Qb4 36. Kg2 Qc4 37. Kg3 Qb4 38. Kf2 c6 39. Kg2 Qc4 40.
Kf3 Qd5+ 41. Kf2 Qc4 42. Kf3 Qb4 43. Kf2 Qc4 44. Kf3 Qb4 45. Kf2 Kf8 46. Kg2 Qc4
47. Kf1 Kf7 48. Ke1 Qd5 49. Kf2 Qc4 50. Ke1 Qe6 51. Kd2 Qa2+ 52. Kd3 Qb3+ 53.
Kd2 Qb2+ 54. Kd1 Qb1+ 55. Kd2 Qb2+ 56. Kd1 Qb1+ 57. Kd2 Qb2+ 1/2-1/2

[Event "4th Chennai Open"]
[Site "Chennai IND"]
[Date "2012.01.04"]
[Round "2"]
[White "Vinoth Kumar, M."]
[Black "Venkatesh, M.R."]
[Result "0-1"]
[WhiteTitle "FM"]
[BlackTitle "IM"]
[WhiteElo "2150"]
[BlackElo "2499"]
[WhiteFideId "5011574"]
[BlackFideId "5005779"]
[EventDate "2012.01.04"]

1. e4 c5 2. d3 Nc6 3. g3 g6 4. Bg2 Bg7 5. Nh3 d6 6. f4 e6 7. c3 Nge7 8. O-O Rb8
9. Kh1 Qc7 10. g4 h5 11. g5 b5 12. Nd2 b4 13. c4 Nd4 14. Nf3 Nxf3 15. Qxf3 Nc6
16. Qf2 Nd4 17. Be3 b3 18. axb3 Rxb3 19. f5 exf5 20. Nf4 Qb8 21. Bc1 O-O 22. Qh4
Bb7 23. Ra3 Ba8 24. Qf2 fxe4 25. dxe4 Rxa3 26. bxa3 Qb3 27. Nd5 Bxd5 28. cxd5 c4
29. Be3 Qd3 30. a4 c3 31. Bf4 Be5 32. Bc1 c2 33. Re1 Qd1 34. Qf1 Qg4 35. Qf2 Rb8
36. Rf1 Rb7 37. Be3 Qd1 38. Qg1 Qe2 0-1

[Event "4th Chennai Open"]
[Site "Chennai IND"]
[Date "2012.01.04"]
[Round "2"]
[White "Deepan, Chakkravarthy J."]
[Black "Meera, Sai"]
[Result "1-0"]
[WhiteTitle "GM"]
[BlackTitle "WIM"]
[WhiteElo "2495"]
[BlackElo "2139"]
[WhiteFideId "5011132"]
[BlackFideId "5004357"]
[EventDate "2012.01.04"]

1. e4 e5 2. Nf3 Nc6 3. Bb5 a6 4. Ba4 Nf6 5. O-O Nxe4 6. d4 b5 7. Bb3 d5 8. dxe5
Be6 9. Be3 Be7 10. Nbd2 O-O 11. Re1 Nc5 12. Nf1 Qd7 13. Ng3 Rfd8 14. c3 Nxb3 15.
axb3 Bg4 16. Bd4 Nxd4 17. cxd4 c5 18. h3 Be6 19. dxc5 Bxc5 20. Nd4 Qa7 21. Nge2
Qb6 22. Kh1 Rf8 23. f4 f5 24. Qd2 b4 25. Nxe6 Qxe6 26. Ra5 Rac8 27. Rc1 Ba7 28.
Qxd5 Qxd5 29. Rxd5 Be3 30. Rc4 Rcd8 31. Rxd8 Rxd8 32. g4 Rd2 33. Ng3 g5 34. Nxf5
gxf4 35. e6 Rd8 36. e7 1-0

[Event "4th Chennai Open"]
[Site "Chennai IND"]
[Date "2012.01.04"]
[Round "2"]
[White "Pratyusha, Bodda"]
[Black "Yu, Ruiyuan"]
[Result "0-1"]
[WhiteElo "2142"]
[BlackElo "2491"]
[WhiteFideId "5000629"]
[BlackFideId "8603090"]
[EventDate "2012.01.04"]

1. e4 Nf6 2. e5 Nd5 3. Nc3 Nxc3 4. bxc3 d6 5. f4 g6 6. Nf3 Bg7 7. d4 O-O 8. Bd3
dxe5 9. fxe5 c5 10. O-O Nc6 11. Be4 Bg4 12. Be3 Qa5 13. Qe1 Rad8 14. Rd1 Rd7 15.
Qh4 Bxf3 16. Rxf3 Nxe5 17. Rh3 h5 18. Rf1 cxd4 19. Bxd4 Ng4 20. Rd3 e5 21. h3
Nf6 22. Be3 Rxd3 23. Bxd3 e4 24. Bxe4 g5 25. Bxg5 Nxe4 26. Qxe4 Qxg5 27. Qxb7
Qe3+ 28. Kh1 Be5 29. Qf3 Qxf3 30. Rxf3 h4 31. c4 Bg3 32. Kg1 Rc8 0-1

[Event "4th Chennai Open"]
[Site "Chennai IND"]
[Date "2012.01.04"]
[Round "2"]
[White "Dzhumaev, Marat"]
[Black "Sahu, Vikramaditya"]
[Result "1-0"]
[WhiteTitle "GM"]
[WhiteElo "2481"]
[BlackElo "2139"]
[WhiteFideId "14200236"]
[BlackFideId "5023653"]
[EventDate "2012.01.04"]

1. e4 c5 2. Nf3 g6 3. c3 Bg7 4. d4 cxd4 5. cxd4 d5 6. e5 Nh6 7. Nc3 O-O 8. Be2
Nc6 9. h3 f6 10. exf6 exf6 11. O-O Be6 12. Re1 Re8 13. Bf4 Rc8 14. Rc1 Nf7 15.
Na4 Bf8 16. Bb5 Qa5 17. Qb3 Bb4 18. Bxc6 bxc6 19. Re3 Bd7 20. Nc5 Rxe3 21. Bxe3
Bxc5 22. dxc5 Qc7 23. Bd4 Ne5 24. Re1 Re8 25. Nxe5 fxe5 26. Qg3 Bf5 27. Rxe5 Re6
28. Qf4 Rxe5 29. Bxe5 Qe7 30. Bd4 Be4 31. f3 Bd3 32. Kh2 h5 33. Qb8+ Kf7 34. Qc8
Qg5 35. Qc7+ Kf8 36. Bg7+ Kg8 37. Be5 Kf8 38. Bd6+ Kg8 39. Qb8+ Kh7 40. Be5 1-0

[Event "4th Chennai Open"]
[Site "Chennai IND"]
[Date "2012.01.04"]
[Round "2"]
[White "Ashwin, Jayaram"]
[Black "Dhar-Barua, Saheli"]
[Result "1-0"]
[WhiteTitle "IM"]
[BlackTitle "WIM"]
[WhiteElo "2472"]
[BlackElo "2115"]
[WhiteFideId "5018137"]
[BlackFideId "5001331"]
[EventDate "2012.01.04"]

1. d4 f5 2. Bg5 g6 3. Nc3 Nf6 4. h4 Bg7 5. e4 fxe4 6. h5 d5 7. h6 Bf8 8. f3 c6
9. fxe4 Bg4 10. Be2 Bxe2 11. Qxe2 Nxe4 12. Nxe4 dxe4 13. Qxe4 Qd5 14. Qxd5 cxd5
15. Nh3 Nc6 16. c3 Nd8 17. O-O Nf7 18. Rae1 Rc8 19. Re2 Rc6 20. Bc1 g5 21. Nxg5
Nxg5 22. Bxg5 Rg8 23. Rf5 Rcg6 24. Bxe7 Bxh6 25. Bg5+ Kd7 26. Rxd5+ Kc6 27. Rc5+
Kd6 28. Bxh6 Rxh6 29. Rf5 Rg7 30. Ref2 Ke7 31. Re2+ Kd6 32. Ref2 Ke7 33. c4 Ra6
34. b3 Rag6 35. Re2+ Kd7 36. Ref2 Ke7 37. Re5+ Kd7 38. Rd5+ Kc6 39. Rdf5 Rd7 40.
Rf6+ Rd6 41. Rxd6+ Kxd6 42. Rf4 Ke6 43. Kf2 Ke7 44. Kf3 Ra6 45. Re4+ Kf6 46. Re2
Kg6 47. d5 Rf6+ 48. Ke4 Kf7 49. c5 Ke7 50. d6+ Kd7 51. Kd5 Rf5+ 52. Re5 1-0

[Event "4th Chennai Open"]
[Site "Chennai IND"]
[Date "2012.01.04"]
[Round "2"]
[White "Nandhidhaa, PV"]
[Black "Neelotpal, Das"]
[Result "0-1"]
[BlackTitle "GM"]
[WhiteElo "2120"]
[BlackElo "2471"]
[WhiteFideId "5050847"]
[BlackFideId "5003512"]
[EventDate "2012.01.04"]

1. e4 e6 2. d4 d5 3. Nc3 Nf6 4. Bg5 dxe4 5. Nxe4 Nbd7 6. Nf3 h6 7. Nxf6+ Nxf6 8.
Bxf6 Qxf6 9. Bd3 Bd7 10. Ne5 c5 11. Nxd7 Kxd7 12. dxc5 Bxc5 13. O-O Ke7 14. Qh5
b6 15. b3 Rad8 16. Kh1 Rd5 17. Qg4 Rd4 18. Qe2 Rhd8 19. Rad1 R4d5 20. f4 Kf8 21.
g3 g6 22. a4 Qc3 23. Kg2 Be7 24. Rf3 Qb2 25. Rff1 Bb4 26. Kh1 Qc3 27. Kg2 Kg7
28. Rf3 Qf6 29. Rdf1 h5 30. h3 Bc3 31. Qf2 Bd4 32. Qe1 Bc5 33. Kh1 Rd4 34. Qd2
Qe7 35. Qe2 Qb7 36. Qe5+ Kg8 37. Kh2 Bf8 38. Qe2 Qc7 39. Kg2 Bh6 40. Qf2 a6 41.
Kh1 b5 42. axb5 axb5 43. Kg2 b4 44. Kh1 Bg7 45. Re3 R4d5 46. Re4 Qd6 47. Qf3 Rd7
48. Ree1 Rc7 49. Rd1 Rc3 50. Qe2 Qc7 51. Kg2 Rdc5 52. Bc4 h4 53. gxh4 Bh6 54.
Qe4 R5xc4 55. bxc4 Rxc4 56. Qa8+ Kh7 57. h5 Rxc2+ 58. Kg3 Rc3+ 59. Kg2 Rc2+ 60.
Kg3 Bxf4+ 61. Rxf4 g5 62. Qe4+ f5 63. Rd7+ Qxd7 64. Qxc2 Qd6 65. Qc8 Qxf4+ 66.
Kg2 Qd2+ 67. Kg3 Qc3+ 0-1